000
00320nam a2200133Ia 4500
008
100328s9999 xx 000 0 und d
082
_b
28300
100
_a
काळे कल्याण
245
_a
तडा
260
_b
राजेंद्र
630
_a
तडा
730
_a
तडा
942
_c
BOOK
999
_c
519792
_d
519789